|
|
|
|
| LEADER |
02357nam a2200541 i 4500 |
| 001 |
001535388 |
| 003 |
CZ BrMZK |
| 005 |
20160811105446.0 |
| 007 |
ta |
| 008 |
160715s2014 xo acehe f 000 0 slo |
| 020 |
|
|
|a 978-80-8046-684-8
|q (vázáno)
|
| 040 |
|
|
|a OLA001
|b cze
|d BOA001
|e rda
|
| 041 |
1 |
|
|a slo
|a eng
|h eng
|
| 043 |
|
|
|a e-xo---
|
| 072 |
|
7 |
|a 72
|x Architektura
|2 Konspekt
|9 21
|
| 080 |
|
|
|a 728.81
|2 MRF
|
| 080 |
|
|
|a (437.6)
|2 MRF
|
| 080 |
|
|
|a (036)
|2 MRF
|
| 100 |
1 |
|
|a Holčík, Štefan,
|d 1944-
|7 jo2003204268
|4 aut
|
| 245 |
1 |
0 |
|a Bratislavský hrad =
|b Bratislava castle /
|c texty: Štefan Holčík, Ľubomír Adamišin, Peter Barta, Ľubomír Feldek, Kancelária Národnej rady Slovenskej republiky, Mestský ústav ochrany pamiatok, Ministerstvo obrany Slovenskej republiky, Margaréta Musilová, Slovenské národné múzeum ; preklad: Mária Ščepková
|
| 246 |
3 |
1 |
|a Bratislava castle
|
| 250 |
|
|
|a Prvé vydanie
|
| 264 |
|
1 |
|a Bratislava :
|b Perfekt,
|c 2014
|
| 300 |
|
|
|a 222 stran :
|b ilustrace (převážně barevné), portréty, plány, faksimile, erby ;
|c 33 cm
|
| 336 |
|
|
|a text
|b txt
|2 rdacontent
|
| 336 |
|
|
|a statický obraz
|b sti
|2 rdacontent
|
| 337 |
|
|
|a bez média
|b n
|2 rdamedia
|
| 338 |
|
|
|a svazek
|b nc
|2 rdacarrier
|
| 504 |
|
|
|a Obsahuje bibliografii
|
| 546 |
|
|
|a Částečně souběžný anglický text
|
| 610 |
2 |
7 |
|a Bratislava (hrad)
|7 kn20060121027
|2 czenas
|
| 650 |
0 |
7 |
|a hrady
|7 ph120854
|z Slovensko
|2 czenas
|
| 650 |
0 |
7 |
|a hrady
|7 ph120854
|x dějiny
|2 czenas
|
| 651 |
|
7 |
|a Bratislava (Slovensko)
|7 ge128816
|2 czenas
|
| 655 |
|
7 |
|a informační publikace
|7 fd132454
|2 czenas
|
| 700 |
1 |
|
|a Adamišin, Ľubomír
|4 aut
|
| 700 |
1 |
|
|a Barta, Peter,
|d 1978-
|7 mzk2012738398
|4 aut
|
| 700 |
1 |
|
|a Feldek, Ľubomír,
|d 1936-
|7 jn19990210206
|4 aut
|
| 700 |
1 |
|
|a Musilová, Margaréta,
|d 1960-
|7 jx20120210007
|4 aut
|
| 700 |
1 |
|
|a Ščepková, Mária,
|d 1969-
|7 xx0048478
|4 trl
|
| 710 |
2 |
|
|a Mestský ústav ochrany pamiatok Bratislava
|7 olak2015881120
|4 aut
|
| 710 |
1 |
|
|a Slovensko.
|b Národná rada.
|b Kancelária
|7 xx0147534
|4 aut
|
| 710 |
1 |
|
|a Slovensko.
|b Ministerstvo obrany
|7 kn20030217006
|4 aut
|
| 710 |
2 |
|
|a Slovenské národné múzeum
|7 ko2002101443
|4 aut
|
| 910 |
|
|
|a BOA001
|b 4-1369.806
|
| 990 |
|
|
|a BK
|
| 991 |
|
|
|b 201608
|c NOV
|
| 996 |
7 |
|
|b 2610676627
|c 4-1369.806
|l MZK
|r Sklad / do 1 hodiny
|n 7
|p dar
|w 001570924
|u 000010
|a 1
|e BOA001
|j MZK50
|s A
|